Tokhnit ha-nesiʻah.

Saved in:
Bibliographic Details
Format: Book
Language:Hebrew
Subjects:
Tags: Add Tag
No Tags, Be the first to tag this record!
LEADER 00773nam a22002537a 4500
001 014309698-2
005 20150415124438.0
008 150126s199u is 000 0 heb d
035 0 |a ocn907853769 
035 |a (IsJeAIW)wb20159071020 
040 |a IsJeAIW  |c IsJeAIW 
245 0 0 |6 880-01  |a Tokhnit ha-nesiʻah. 
300 |a [4] p. ;  |c 22 cm. 
500 |a Cover title. 
600 1 0 |a Ḳahn, Daṿid ben Avraham Yitsḥaḳ  |x Travel. 
650 0 |a Jewish pilgrims and pilgrimages  |z Europe, Eastern. 
650 0 |a Jewish shrines  |z Europe, Eastern. 
752 |a Israel  |d Jerusalem. 
880 0 0 |6 245-01  |a תוכנית הנסיעה. 
880 |6 260-00  |a [ירושלים? :  |b חמו״ל,  |c 199-?]. 
899 |a 415_560359 
988 |a 20150225 
098 0 6 |a Heb 43764.895 
906 |0 VEN